00436nam a2200097Ia 4500008004100000020002200041100003000063245016400093260003500257300004600292200911s9999 xx 000 0 und d a978-971-550-861-2 aRodriguez, Agustin Martin cAgustin Martin Rodriguez, Jacqueline Marie J. Tolentino, Roy Allan B. Tolentino.--aDoing Philisophy :bAn introduction to the philosophy of the human person / aQuezon City :bBlueBooksc2018 avii , 132 pages :billustration ;c23 cm.